Statistics for Noah Kahan - Everywhere, Everything Lyrics

Click here to take the quiz!

General Stats

  • This quiz has been taken 62 times
    (51 since last reset)
  • The average score is 252 of 271

Answer Stats

Answer% Correct
I
100%
decompose
98%
eat
98%
every
98%
food
98%
for
98%
in
98%
it
98%
keep
98%
my
98%
our
98%
the
98%
'Til
98%
to
98%
we
98%
We
98%
we're
98%
where
98%
worms
98%
you
98%
yours
98%
a
96%
everything
96%
Everywhere
96%
fingers
96%
love
96%
horror
93%
It's
93%
know
93%
movie?
93%
oh
93%
Oh
93%
survive
93%
wanna
93%
Would
93%
And
91%
and
91%
collapsing
91%
crashing
91%
didn't
91%
not
91%
seas
91%
sun
91%
that
91%
was
91%
been
89%
buildings
89%
came
89%
hands
89%
tell
89%
Then
89%
this
89%
all
87%
bodies
87%
county
87%
cried
87%
long
87%
of
87%
route
87%
slow
87%
speed
87%
year
87%
forget
85%
I'll
85%
moving
85%
on
85%
out
85%
palms
85%
pre-teens
85%
thing
85%
Two
85%
ain't
83%
bad
83%
book's
83%
dear
83%
dog
83%
doubt
83%
Drive
83%
drive
83%
everyone
83%
meet
83%
pages
83%
read
83%
riddled
83%
rose
83%
scars
83%
slowly
83%
such
83%
too
83%
trust
83%
with
83%
at
80%
backseat
80%
car's
80%
dirty
80%
eared
80%
from
80%
Maybe
80%
write
80%
Intertwine
78%
screen
78%
stare
78%
ends
72%
We'll
72%

Score Distribution

Percentile by Number Answered

Percent of People with Each Score

Your Score History

You have not taken this quiz since the last reset